| 000 | 00810nam a22002297a 4500 | ||
|---|---|---|---|
| 999 |
_c3828 _d3828 |
||
| 003 | AR-CdUCM | ||
| 008 | 190307b ||||| |||| 00| 0 spa d | ||
| 040 |
_aMUNICIPALIDAD PROVINCIAL DEL CUSCO _cBIBLIOTECA MUNICIPAL DEL CUSCO |
||
| 082 |
_a331.0985 / _bV47 |
||
| 100 |
_aVerdera, Francisco _912320 |
||
| 245 |
_aEl Empleo en el Perú : _bUn Nuevo Enfoque / |
||
| 260 |
_aLima : _bInstituto de Estudios Peruanos, _c1983. |
||
| 300 |
_a158 paginas ; _bilustraciones, _c21cm. |
||
| 440 |
_aAnálisis económico _n7 _912321 |
||
| 500 | _aIEP ediciones | ||
| 505 | _aContenido: El problema y la teoria -- Conceptualizacion y estimaciones -- hacia una alternativa... | ||
| 650 |
_aServicio de empleo _912322 |
||
| 650 |
_aPerú _935 |
||
| 650 |
_aPolitica Laboral _94687 |
||
| 942 |
_2ddc _cLIBROS |
||
| 945 | _apjha | ||